Ảnh hưởng của sức mạnh trên biển đối với lịch sử, 1660-1783

Sách viết về những cuộc hải chiến và tư duy hải quân, đúc kết những bài học kinh nghiệm lịch sử quý báu về chiến lược trên biển.

में बचाया:
ग्रंथसूची विवरण
मुख्य लेखक: Mahan, A. T.
स्वरूप: पुस्तक
भाषा:Undetermined
प्रकाशित: Hà Nội Tri thức 2012
विषय:
टैग : टैग जोड़ें
कोई टैग नहीं, इस रिकॉर्ड को टैग करने वाले पहले व्यक्ति बनें!
Thư viện lưu trữ: Trung tâm Học liệu Trường Đại học Cần Thơ
LEADER 00896nam a2200205Ia 4500
001 CTU_180533
008 210402s9999 xx 000 0 und d
020 |c 160000 
082 |a 909.6 
082 |b M214 
100 |a Mahan, A. T. 
245 0 |a Ảnh hưởng của sức mạnh trên biển đối với lịch sử, 1660-1783 
245 0 |c A.T. Mahan ; Phạm Nguyên Trường (Dịch) 
260 |a Hà Nội 
260 |b Tri thức 
260 |c 2012 
520 |a Sách viết về những cuộc hải chiến và tư duy hải quân, đúc kết những bài học kinh nghiệm lịch sử quý báu về chiến lược trên biển. 
650 |a Naval history, Modern,Sea-power,Sức mạnh trên biển,Lịch sử hải quân 
910 |a Nguyên 
980 |a Trung tâm Học liệu Trường Đại học Cần Thơ